2014-15 Premier League Final Table - Statistics

General Stats
  • This quiz has been taken 28 times
  • The average score is 16 of 20
Answer Stats
Postion Team Won Drew Lost GF/GA GD Points % Correct
3 Arsenal 22 9 7 71/36 35 75
100%
1 Chelsea 26 9 3 73/32 41 87
100%
2 Manchester City 24 7 7 83/38 45 79
100%
4 Manchester United 20 10 8 62/37 25 70
100%
5 Tottenham Hotspur 19 7 12 58/53 5 64
100%
6 Liverpool 18 8 12 52/48 4 62
88%
11 Everton 12 11 15 48/50 -2 47
82%
19 Burnley 7 12 19 28/53 -25 33
76%
7 Southampton 18 6 14 54/33 21 60
76%
12 West Ham United 12 11 15 44/47 -3 47
76%
17 Aston Villa 10 8 20 31/57 -26 38
71%
15 Newcastle United 10 9 19 40/63 -23 39
71%
9 Stoke City 15 9 14 48/45 3 54
71%
16 Sunderland 7 17 14 31/53 -22 38
71%
8 Swansea City 16 8 14 46/49 -3 56
71%
13 West Bromwich Albion 11 11 16 38/51 -13 44
71%
10 Crystal Palace 13 9 16 47/51 -4 48
65%
18 Hull City 8 11 19 33/51 -18 35
65%
14 Leicester City 11 8 19 46/55 -9 41
65%
20 Queens Park Ranger 8 6 24 42/73 -31 30
53%
No matching quizzes found
Score Distribution
Percent of People with Each Score
Percentile by Number Answered
Your Score History
You have not taken this quiz